|
|
|
|
| LEADER |
00000nab a2200000 ar4500 |
| 001 |
vtls008962979 |
| 003 |
SK-MaSNL |
| 005 |
20260303070737.0 |
| 008 |
070411c2007 xo mr|p|||||||000 b|slo |
| 015 |
|
|
|a SNBRB2007/04
|
| 038 |
|
|
|a SNSK
|
| 040 |
|
|
|a SNSK
|b slo
|c SNSK
|e AACR2
|
| 041 |
|
|
|a slo
|
| 044 |
|
|
|a xo
|c SK
|
| 080 |
|
|
|a 636.98
|2 2001
|
| 080 |
|
|
|a 598.112.21
|2 2001
|
| 100 |
1 |
|
|a Kampf, Vladimír,
|d 1966-
|4 aut
|9 98313
|
| 245 |
1 |
0 |
|a Svetová rarita
|b najväčšia chameleónia farma na svete je pri Bratislave
|c Vladimír Kampf
|
| 300 |
|
|
|b Fotogr.
|
| 650 |
0 |
7 |
|a chameleóny
|2 snsk
|9 247440
|
| 650 |
0 |
7 |
|a chov
|2 snsk
|9 426411
|
| 650 |
0 |
7 |
|a Rodinné farmy
|2 snsk
|9 690544
|
| 773 |
0 |
|
|t Život
|g Roč. 57, č. 8 (2007), s. 42-45
|x 0139-6323
|
| 852 |
|
|
|a SNSK
|b KIS3GCP
|
| 958 |
|
|
|a SK
|
| 999 |
|
|
|c 1756738
|d 1758668
|